LEADER 01538nam a2200277 4500 001 000000336906 003 CaOOAMICUS 005 20191004132635.0 008 191004s1782 au 000 u ita r 026 $ahee. taza e-a- Dagl (3) 1782 (A) 040 $aSeMil$bita 100 11$aEybel, Joseph Valentin,$d<1741-1805>.$0(OLS)http://semarc/name/29941 245 00$aCosa è il Papa? Traduzione dal tedesco. Con dispensa della Commissione Imp. Reg. della Censura de' Libri per l'apposizione del nome dell'Autore. 264 1$aVienna :$bPresso Giuseppe Nobile di Kurzbeck,$c1782. 300 $a44 p. ;$c8° 500 $aSegn.: A-B? C? D² 500 $aPer l'A, J. V. Eybel e il traduttore Antonio Inama, cfr. Melzi, Dizionario di opere anonime e pseudonime, v. 1, p. 259 650 4$aPapa - Infallibilità.$0(OLS)http://semarc/subject/9211 700 1 $aInama, Antonio,$d<1718-1793>.$0(OLS)http://semarc/name/29940 710 0 $aKurzböck, Joseph Lorenz .$0(OLS)http://semarc/name/29942 773 0 $t[Opuscoli all'epoca della Rivoluzione francese.$w()336905 850 $aSeMil 852 $aSeMil$W1$xVenegono$y1$m3R VII 15/1 FA$j216634$B228794$CSeMilBibl$Z2$F228794 $8I 996 $6245$aCosa è il Papa? Traduzione dal tedesco. Con dispensa della Commissione Imp. Reg. della Censura de' Libri per l'apposizione del nome dell'Autore$9(OLS)http://semarc/title/425516 996 $6264$aVienna :$bPresso Giuseppe Nobile di Kurzbeck$9(OLS)http://semarc/publisher/58583 LEADER 00764nam a2200205 i 4500 001 000000007515 003 CaOOAMICUS 005 20180830125438.0 008 180830s1971 it u000 u ita u 040 $aSeMil$bita 245 10$aArte /$ca cura di Giovanni Previtali. 260 $aMilano :$bFeltrinelli,$c1971. 300 $a669 p. :$b62 c. di tav. ;$c18 cm. 650 4$aArte.$0(OLS)http://semarc/subject/1231 700 1 $aPrevitali, Giovanni <1934-1988>.$0(OLS)http://semarc/name/89584 773 0 $tEnciclopedia Feltrinelli Fischer.$dMilano : Feltrinelli $w()4953 774 0 $tTomo primo.$w()108757 774 0 $tTomo secondo.$w()108758 996 $6245$aArte$9(OLS)http://semarc/title/10066 996 $6260$aMilano :$bFeltrinelli$9(OLS)http://semarc/publisher/30237